Dans quels pays sont les plus grandes agglomérations d'Amérique ? - Statistiques

Statistiques générales
  • Ce quiz a été pris 54 fois
  • Le résultat moyen est 59 sur 75
Statistiques - réponses
Hint Réponse % Correct
Rio de Janeiro Brésil
100%
New York États Unis
100%
Los Angeles États Unis
100%
Mexico Mexique
100%
Sao Paulo Brésil
98%
Chicago États Unis
98%
Washington États Unis
98%
San Francisco États Unis
98%
Houston États Unis
98%
Miami États Unis
98%
Phoenix États Unis
98%
Seattle États Unis
98%
Buenos Aires Argentine
96%
Brasília Brésil
96%
Toronto Canada
96%
Montréal Canada
96%
Boston États Unis
96%
Dallas États Unis
96%
Philadelphie États Unis
96%
Atlanta États Unis
96%
Denver États Unis
93%
Orlando États Unis
93%
Salt Lake City États Unis
93%
Las Vegas États Unis
93%
Bogotá Colombie
91%
Minneapolis États Unis
91%
Cleveland États Unis
91%
Portland États Unis
91%
Austin États Unis
91%
Indianapolis États Unis
91%
Jacksonville États Unis
91%
Kansas City États Unis
91%
Guatemala Guatemala
91%
Vancouver Canada
89%
Charlotte États Unis
89%
Pittsburgh États Unis
89%
Saint Domingue République Dominicaine
89%
Sacramento États Unis
87%
La Havane Cuba
85%
San Diego États Unis
83%
San Antonio États Unis
83%
Port au Prince Haïti
83%
Lima Pérou
83%
Santiago Chili
80%
Cincinnati États Unis
80%
Asunción Paraguay
80%
Medellín Colombie
78%
Guadalajara Mexique
78%
Porto Alegre Brésil
76%
Tijuana Mexique
76%
Belo Horizonte Brésil
74%
Saint Louis États Unis
74%
Belém Brésil
72%
Quito Équateur
72%
La Paz Bolivie
70%
Caracas Venezuela
70%
Recife Brésil
67%
Manaus Brésil
67%
Fortaleza Brésil
65%
Monterrey Mexique
65%
Salvador Brésil
61%
Cali Colombie
61%
Curitiba Brésil
54%
Goiânia Brésil
54%
Tampa États Unis
52%
Puebla Mexique
46%
León Mexique
46%
Toluca Mexique
43%
Campinas Brésil
37%
Barranquilla Colombie
37%
San José (C) Costa Rica
37%
Guayaquil Équateur
35%
Maracaibo Venezuela
33%
Santa Cruz Bolivie
24%
Valencia Venezuela
13%
Aucun quiz correspondant
Distribution des résultats
% des personnes avec chaque résultat
Percentile par nombre de réponses
Votre historique - résultats
Vous n’avez pas pris ce quiz